| 000 | 03537nam0a2200505 i 4500 | ||
|---|---|---|---|
| 001 | RU\NLR\BIBL_A\012458784 | ||
| 005 | 20260407150721.0 | ||
| 010 | _a9785446528899 | ||
| 021 |
_aRU _b2020-65848 _9КН-П-4947 |
||
| 035 | _a(RuMoRGB)010457491 | ||
| 035 | _a(NLR Aleph) 012458784 | ||
| 090 |
_a12014085 _c12014085 |
||
| 100 | _a20210224d2020 k y0rusy50 ca | ||
| 101 | 0 |
_arus _aeng |
|
| 102 | _aRU | ||
| 105 | _aah||b|||000zy | ||
| 181 | 0 |
_ai _baxxe |
|
| 182 | 0 | _an | |
| 200 | 1 |
_aСтарообрядческая графика. Рисованный лубок из частных собраний _dOld believer pictoral art. Painted prints from private collections _eвыставка, 5 октября - 2 ноября 2020 года _e[каталог] _fЦентральный музей древнерусской культуры и искусства имени Андрея Рублева при поддержке Министерства культуры Российской Федерации _g[составитель, автор статьи и каталожных описаний: О.Р. Хромов _gнаучный редактор: Н.И. Комашко _gавтор идеи, вступление: М.Б. Миндлин] _zeng |
|
| 203 |
_aТекст _bвизуальный _cнепосредственный |
||
| 210 |
_aМосква _cЦентральный музей древнерусской культуры и искусства им. А. Рублева _d2020 |
||
| 215 |
_a53 с. _cцв. ил., факс. _d22 |
||
| 300 | _aЗагл. обл. и на авантит.: Старообрядческая графика | ||
| 300 | _aЧасть текста парал. рус., англ. | ||
| 300 | _aРез. англ. | ||
| 320 | _aБиблиогр.: с. 51-52 | ||
| 510 | 1 |
_aOld believer pictoral art. Painted prints from private collections _zeng |
|
| 517 | 1 | _aРисованный лубок из частных собраний | |
| 601 | 0 | 2 |
_aЦентральный музей древнерусской культуры и искусства им. А. Рублева _cМосква, город _jКаталоги _xВыставки _z2020 _92454093 _3RU\NLR\AUTH\6601676392 |
| 606 | 1 |
_aЛубок русский _jКаталоги _xВыставки _yМосква, город _z19 в. _z2020 _92469957 _3RU\NLR\AUTH\6601684071 |
|
| 606 |
_aИзобразительное искусство и религия _92117310 _3RU\NLR\AUTH\661278951 |
||
| 686 | 1 | _aЩ101.3(2Р)-2Москва2Музей им. А.Рублева л62 | |
| 686 | 1 | _aЩ153(2Р=Рус)5-465л62 | |
| 686 | 1 | _aЩ100.064 | |
| 702 | 1 |
_4220 _8rus _7ca _aХромов _bО.Р. _cд-р искусствоведения _gОлег Ростиславович _3RU\NLR\AUTH\7719561 _92633 |
|
| 702 | 1 |
_aКомашко _bН. И. _gНаталья Игнатьевна _4340 |
|
| 702 | 1 |
_aМиндлин _bМ. Б. _gМихаил Борисович _4245 |
|
| 711 | 1 | 2 |
_a"Старообрядческая графика. Рисованный лубок из частных собраний", выставка _eМосква _f2020 _9738180 _3RU\NLR\AUTH\880537455 |
| 712 | 0 | 2 |
_4557 _aЦентральный музей древнерусской культуры и искусства им. А. Рублева _cМосква _3RU\NLR\AUTH\8810025827 _9549884 |
| 942 | _cBOOK | ||
| 980 | _aNBR | ||